LIBRARY ONLINE CATALOGUE

Organising and managing work / (Record no. 9635)

MARC details
000 -LEADER
fixed length control field 00631nam a22002172 4500
001 - CONTROL NUMBER
control field 0000021319
005 - DATE AND TIME OF LATEST TRANSACTION
control field 20151217152229.0
008 - FIXED-LENGTH DATA ELEMENTS--GENERAL INFORMATION
fixed length control field 120314s xx 000 0 eng d
020 ## - INTERNATIONAL STANDARD BOOK NUMBER
International Standard Book Number 8131733493 :
040 ## - CATALOGING SOURCE
Original cataloging agency KABU
Transcribing agency KABU
100 1# - MAIN ENTRY--PERSONAL NAME
Personal name Watson, Tony J.
-- 0000182136
245 10 - TITLE STATEMENT
Title Organising and managing work /
Statement of responsibility, etc. Tony J. Watson.
250 ## - EDITION STATEMENT
Edition statement 2nd ed.
260 ## - PUBLICATION, DISTRIBUTION, ETC. (IMPRINT)
Place of publication, distribution, etc. New Delhi :
Name of publisher, distributor, etc. Pearson,
Date of publication, distribution, etc. 2010.
300 ## - PHYSICAL DESCRIPTION
Extent xxvii, 497 p.
650 #0 - SUBJECT ADDED ENTRY--TOPICAL TERM
Topical term or geographic name as entry element Management.
-- 0000083920
650 #0 - SUBJECT ADDED ENTRY--TOPICAL TERM
Topical term or geographic name as entry element Organizational effectiveness.
-- 0000150612
852 1# - LOCATION
-- p4630 KES
908 ## - PUT COMMAND PARAMETER (RLIN)
Put command parameter 120314
950 ## - LOCAL HOLDINGS (RLIN)
-- 1
Holdings
Withdrawn status Lost status Source of classification or shelving scheme Not for loan Home library Current library Date acquired Total Checkouts Full call number Barcode Date last seen Date last checked out Copy number Price effective from Koha item type
    Library of Congress Classification   Kabarak, Main Campus Kabarak, Main Campus 17/12/2015 1 HD38 .W38 2010 c. 1 20746 02/08/2024 15/07/2016 C.1 17/12/2015 General Collection